[Event "Aarhus-B"]
[Site "Aarhus"]
[Date "2005.07.08"]
[Round "7"]
[White "Pedersen, Bjarne"]
[Black "Pedersen, Peter"]
[Result "0-1"]
[WhiteElo "2068"]
[BlackElo "1821"]
[PlyCount "80"]
[EventDate "2005.07.02"]
[EventType "tourn"]
[EventRounds "9"]
[EventCountry "DEN"]
[SourceTitle "EXT 2006"]
[Source "ChessBase"]
[SourceDate "2005.11.24"]
[SourceVersion "1"]
[SourceVersionDate "2005.11.24"]
[SourceQuality "1"]

1. d4 Nf6 2. Nf3 c5 3. c3 b6 4. g3 Bb7 5. Bg2 e6 6. 0-0 d5 7. b3 Bd6 8. Bb2 Nc6 9. Nbd2 cxd4 10. cxd4 0-0 11. Ne5 Rc8 12. Nxc6 Bxc6 13. Rc1 Qe7 14. Nb1 h5 15. Qd3 h4 16. a4 Ne4 17. Nd2 f5 18. Nxe4 dxe4 19. Qd2 Bd5 20. Rxc8 Rxc8 21. Qe3 Rc2 22. Rb1 hxg3 23. hxg3 Bb4 24. Bc1 Qc7 25. Qg5 Be7 26. Qf4 Bd6 27. Qg5 Rxe2 28. Be3 Rc2 29. Bf1 a5 30. Qg6 Qf7 31. Qg5 Qf6 32. Qh5 g6 33. Qh6 Rc7 34. Bc4 Rh7 35. Qg5 Kf7 36. Bxd5 exd5 37. Rc1 Qh8 38. Kf1 Rh5 39. Rc6 Rxg5 40. Bxg5 Qh1+ 0-1

[Event "Aarhus-B"]
[Site "Aarhus"]
[Date "2005.07.05"]
[Round "4"]
[White "Christensen, Janus"]
[Black "Pedersen, Bjarne"]
[Result "1-0"]
[WhiteElo "2101"]
[BlackElo "2068"]
[PlyCount "89"]
[EventDate "2005.07.02"]
[EventType "tourn"]
[EventRounds "9"]
[EventCountry "DEN"]
[SourceTitle "EXT 2006"]
[Source "ChessBase"]
[SourceDate "2005.11.24"]
[SourceVersion "1"]
[SourceVersionDate "2005.11.24"]
[SourceQuality "1"]

1. e4 g6 2. d4 c6 3. c4 Bg7 4. Nc3 d6 5. Be3 Nd7 6. Bd3 c5 7. Nge2 cxd4 8. Bxd4 Ngf6 9. Qd2 0-0 10. f3 Nc5 11. Bc2 b6 12. Be3 Be6 13. b3 Re8 14. 0-0 Bc8 15. Rad1 Bb7 16. Bh6 Bh8 17. Qe3 Qc8 18. h3 Bc6 19. f4 Qb7 20. Ng3 Rad8 21. Rd2 e6 22. b4 d5 23. Rfd1 d4 24. Rxd4 Rxd4 25. Rxd4 Nfxe4 26. Ngxe4 Nxe4 27. Bxe4 Bxe4 28. Nxe4 f5 29. Ng5 Bxd4 30. Qxd4 Qc7 31. Qf6 Qe7 32. Qe5 Qd7 33. c5 bxc5 34. bxc5 Rc8 35. Qf6 Re8 36. c6 Qe7 37. Qc3 Qc7 38. Nf3 Rc8 39. Ne5 Qe7 40. a4 Qf6 41. Qd4 Qe7 42. Qd7 Qxd7 43. cxd7 Rc1+ 44. Kh2 Rd1 45. Bg5 1-0

[Event "Aarhus-B"]
[Site "Aarhus"]
[Date "2005.07.02"]
[Round "1"]
[White "Pedersen, Bjarne"]
[Black "Tanggaard, Hans"]
[Result "1/2-1/2"]
[WhiteElo "2068"]
[BlackElo "2088"]
[PlyCount "37"]
[EventDate "2005.07.02"]
[EventType "tourn"]
[EventRounds "9"]
[EventCountry "DEN"]
[SourceTitle "EXT 2006"]
[Source "ChessBase"]
[SourceDate "2005.11.24"]
[SourceVersion "1"]
[SourceVersionDate "2005.11.24"]
[SourceQuality "1"]

1. d4 Nf6 2. Nf3 e6 3. Bg5 h6 4. Bh4 b6 5. Nbd2 Bb7 6. c3 Be7 7. Qc2 d5 8. e3 Nbd7 9. Bd3 c5 10. 0-0 a6 11. Rac1 Qc7 12. Bg3 Bd6 13. Bxd6 Qxd6 14. Rfe1 0-0 15. Qd1 e5 16. dxe5 Nxe5 17. Nxe5 Qxe5 18. Nf3 Qc7 19. Bf1 1/2-1/2

[Event "Aarhus-ch"]
[Site "Aarhus"]
[Date "2001.??.??"]
[Round "4"]
[White "Pedersen, Bjarne"]
[Black "Lindfeldt, Jan Magnus"]
[Result "0-1"]
[WhiteElo "2147"]
[BlackElo "2330"]
[PlyCount "76"]
[EventDate "2001.??.??"]
[EventType "tourn"]
[EventRounds "5"]
[EventCountry "DEN"]
[EventCategory "1"]
[SourceTitle "EXT 2002"]
[Source "ChessBase"]
[SourceDate "2001.11.25"]
[SourceVersion "1"]
[SourceVersionDate "2001.11.25"]
[SourceQuality "1"]

1. d4 d5 2. c4 Nc6 3. cxd5 Qxd5 4. e3 e5 5. Nc3 Bb4 6. Bd2 Bxc3 7. bxc3 Qd6 8. Bd3 Nf6 9. Ne2 0-0 10. 0-0 b6 11. Qc2 Bb7 12. f3 Rad8 13. Rad1 Rfe8 14. Bc1 Qe7 15. Ng3 g6 16. Kf2 Na5 17. Rfe1 e4 18. Bb5 c6 19. Be2 c5 20. f4 cxd4 21. cxd4 Rc8 22. Qb1 Bd5 23. Bd2 Nc4 24. Bb4 Qd7 25. Rc1 Ng4+ 26. Bxg4 Qxg4 27. Nf1 Qd7 28. Re2 Qa4 29. Qb3 Qd7 30. Rec2 Ne5 31. Qa3 Nd3+ 32. Kg1 Nxc1 33. Rxc1 Rxc1 34. Qxc1 Rc8 35. Qb2 Qg4 36. a3 Qd1 37. Qd2 Qb1 38. Bc3 Bc4 0-1

[Event "Aarhus-ch"]
[Site "Aarhus"]
[Date "2000.??.??"]
[Round "4"]
[White "Matthiesen, Martin"]
[Black "Pedersen, Bjarne"]
[Result "1-0"]
[WhiteElo "2337"]
[BlackElo "2164"]
[PlyCount "69"]
[EventDate "2000.02.??"]
[EventType "tourn"]
[EventRounds "7"]
[EventCountry "DEN"]
[SourceTitle "EXT 2001"]
[Source "ChessBase"]
[SourceDate "2000.11.22"]
[SourceVersion "1"]
[SourceVersionDate "2000.11.22"]
[SourceQuality "1"]

1. e4 c6 2. d4 d5 3. exd5 cxd5 4. c4 Nf6 5. Nc3 e6 6. Nf3 Nc6 7. a3 dxc4 8. Bxc4 Be7 9. 0-0 0-0 10. Re1 a6 11. Bd3 b5 12. Bc2 Bb7 13. Qd3 g6 14. Bb3 b4 15. Na4 Na5 16. Bd1 bxa3 17. bxa3 Bc6 18. Bh6 Re8 19. Nc3 Nd5 20. Ne5 Nxc3 21. Qxc3 Bb5 22. a4 Rc8 23. Qf3 f6 24. axb5 fxe5 25. bxa6 exd4 26. Ba4 Qb6 27. Reb1 Qxa6 28. Bxe8 Rxe8 29. Bd2 Bd8 30. Qa3 Qe2 31. Bxa5 Bxa5 32. Qxa5 Rf8 33. Qa2 Rxf2 34. Qxe2 Rxe2 35. Rb7 1-0

[Event "Aarhus-ch"]
[Site "Aarhus"]
[Date "2000.??.??"]
[Round "2"]
[White "Palo, Davor"]
[Black "Pedersen, Bjarne"]
[Result "1-0"]
[WhiteElo "2163"]
[BlackElo "2164"]
[PlyCount "75"]
[EventDate "2000.02.??"]
[EventType "tourn"]
[EventRounds "7"]
[EventCountry "DEN"]
[SourceTitle "EXT 2001"]
[Source "ChessBase"]
[SourceDate "2000.11.22"]
[SourceVersion "1"]
[SourceVersionDate "2000.11.22"]
[SourceQuality "1"]

1. c4 g6 2. g3 Bg7 3. Bg2 e5 4. Nc3 Ne7 5. Nf3 Nbc6 6. 0-0 0-0 7. d3 d6 8. Rb1 f5 9. Bd2 h6 10. b4 Be6 11. b5 Nb8 12. Ne1 c6 13. Qc1 Kh7 14. Nc2 d5 15. bxc6 bxc6 16. cxd5 cxd5 17. Qa3 Nbc6 18. Nb4 e4 19. Na6 Bc8 20. Nc5 Rf7 21. Nb5 Ng8 22. Rfc1 Nd4 23. Nxd4 Bxd4 24. Bc3 Bxc5 25. Qxc5 Be6 26. Qd4 Nf6 27. Qe5 Qd7 28. h3 Rd8 29. Ba5 Qd6 30. Qd4 Rb8 31. Rxb8 Qxb8 32. Rc6 Qe8 33. Rd6 Nd7 34. Bc3 g5 35. dxe4 fxe4 36. Bxe4+ dxe4 37. Qxe4+ Kg8 38. Qg6+ 1-0

[Event "Aarhus-ch"]
[Site "Aarhus"]
[Date "1999.??.??"]
[Round "3"]
[White "Andersen, Jackie"]
[Black "Pedersen, Bjarne"]
[Result "1-0"]
[WhiteElo "2300"]
[BlackElo "2171"]
[PlyCount "141"]
[EventDate "1999.??.??"]
[EventType "swiss"]
[EventRounds "7"]
[EventCountry "DEN"]
[SourceTitle "EXT 2001"]
[Source "ChessBase"]
[SourceDate "2000.11.22"]
[SourceVersion "1"]
[SourceVersionDate "2000.11.22"]
[SourceQuality "1"]

1. e4 c6 2. d4 d5 3. e5 g6 4. c4 Be6 5. b3 Na6 6. Ne2 Bg7 7. Nf4 Nc7 8. Bb2 Qd7 9. Nc3 Rd8 10. cxd5 Bxd5 11. Bd3 Nh6 12. 0-0 0-0 13. Re1 Qg4 14. Qxg4 Nxg4 15. b4 e6 16. a4 Rc8 17. b5 Rfd8 18. Nfxd5 Nxd5 19. Nxd5 cxd5 20. Rac1 Bf8 21. a5 Bb4 22. Rxc8 Rxc8 23. Ra1 Nh6 24. Kf1 Nf5 25. g4 Ne7 26. Ra4 Bd2 27. Ba3 Re8 28. Bc5 Nc8 29. Ra2 Bf4 30. b6 axb6 31. axb6 Bg5 32. Ra8 Rd8 33. f4 Nxb6 34. Ra2 Bxf4 35. Bxb6 Rc8 36. h3 Rc1+ 37. Kg2 Rc3 38. Ra8+ Kg7 39. Bc5 h6 40. Ra3 Rc1 41. Be7 Bg5 42. Bxg5 hxg5 43. Rb3 Rd1 44. Kf2 b6 45. Ke2 Rh1 46. Ba6 Rh2+ 47. Kd1 Rh1+ 48. Kd2 Kf8 49. Be2 Ke7 50. Re3 Ra1 51. Bd1 Ra7 52. Rb3 Rb7 53. Be2 Rb8 54. Ra3 Kf8 55. Kc3 Rc8+ 56. Kb2 Kg7 57. Ra6 Rb8 58. Ra7 Rh8 59. Bf1 Rb8 60. Ra6 Kf8 61. Ka3 Kg7 62. Ka4 Rc8 63. Rxb6 Rc1 64. Be2 Rc2 65. Bd3 Rh2 66. Bf1 Ra2+ 67. Kb4 Rf2 68. Ba6 Rf3 69. Kc5 Rxh3 70. Rb2 Rg3 71. Be2 1-0

[Event "Aarhus Festuge M2"]
[Site "Aarhus"]
[Date "1998.09.05"]
[Round "3"]
[White "Pedersen, Bjarne"]
[Black "Jensen, Jacob Bjerre"]
[Result "1-0"]
[WhiteElo "2205"]
[BlackElo "2160"]
[PlyCount "77"]
[EventDate "1998.09.??"]
[EventType "tourn"]
[EventRounds "7"]
[EventCountry "DEN"]
[SourceTitle "EXT 2000"]
[Source "ChessBase"]
[SourceDate "1999.11.16"]
[SourceVersion "1"]
[SourceVersionDate "1999.11.16"]
[SourceQuality "1"]

1. d4 Nf6 2. c4 e6 3. Nc3 d5 4. cxd5 exd5 5. Bg5 Be7 6. e3 c6 7. Bd3 0-0 8. Qc2 Nbd7 9. Nge2 Re8 10. 0-0 Nf8 11. Rab1 a5 12. a3 Bg4 13. b4 axb4 14. axb4 Rc8 15. f3 Bh5 16. Nf4 Bg6 17. Nxg6 hxg6 18. Rfe1 Ne6 19. Bh4 Nd7 20. Bxe7 Qxe7 21. Qf2 Qd6 22. Qg3 Qxg3 23. hxg3 Ra8 24. Ra1 b5 25. Kf2 Nb6 26. g4 Red8 27. Rec1 Nc7 28. Ne2 Nc4 29. Bxc4 bxc4 30. Nc3 Na6 31. Rab1 Rab8 32. b5 cxb5 33. Nxb5 Rb6 34. Nc3 Nb4 35. Ke2 Rdb8 36. Kd2 Kf8 37. Rb2 Ke7 38. Rxb4 Rxb4 39. Nxd5+ 1-0

[Event "Aarhus Summer"]
[Site "Aarhus"]
[Date "1995.??.??"]
[Round "3"]
[White "Barkhagen, Jonas"]
[Black "Pedersen, Bjarne"]
[Result "1-0"]
[WhiteElo "2400"]
[BlackElo "2225"]
[PlyCount "47"]
[EventDate "1995.??.??"]
[EventType "swiss"]
[EventRounds "9"]
[EventCountry "DEN"]
[SourceTitle "EXT 1999"]
[Source "ChessBase"]
[SourceDate "1998.11.16"]
[SourceVersion "1"]
[SourceVersionDate "1998.11.16"]
[SourceQuality "1"]

1. d4 d6 2. Nf3 g6 3. g3 Bg7 4. Bg2 Nd7 5. 0-0 e5 6. c4 Ne7 7. Nc3 0-0 8. e4 exd4 9. Nxd4 Nc6 10. Be3 Nde5 11. b3 Ng4 12. Qd2 Nxe3 13. fxe3 Ne5 14. Rac1 b6 15. Nd5 Bb7 16. b4 a5 17. b5 Bc8 18. Rf4 Bd7 19. Qe2 c6 20. bxc6 Bxc6 21. Bh3 Bd7 22. Bxd7 Nxd7 23. Nc6 Qe8 24. Nc7 1-0

[Event "Aarhus Summer"]
[Site "Aarhus"]
[Date "1995.??.??"]
[Round "1"]
[White "Holst, Allan"]
[Black "Pedersen, Bjarne"]
[Result "1-0"]
[WhiteElo "2340"]
[BlackElo "2225"]
[PlyCount "111"]
[EventDate "1995.??.??"]
[EventType "swiss"]
[EventRounds "9"]
[EventCountry "DEN"]
[SourceTitle "EXT 1999"]
[Source "ChessBase"]
[SourceDate "1998.11.16"]
[SourceVersion "1"]
[SourceVersionDate "1998.11.16"]
[SourceQuality "1"]

1. e4 c5 2. Nf3 e6 3. d3 Nc6 4. g3 g6 5. d4 cxd4 6. Nxd4 d5 7. Bg2 dxe4 8. Nxc6 Qxd1+ 9. Kxd1 bxc6 10. Bxe4 Bb7 11. Be3 Bg7 12. Kc1 Nf6 13. Bf3 0-0 14. Rd1 Nd5 15. Bc5 Rfd8 16. Nd2 Bh6 17. c4 Nb6 18. b3 Bg7 19. Rb1 Nd7 20. Be3 Ne5 21. Be2 Nd3+ 22. Bxd3 Rxd3 23. Ne4 Rxd1+ 24. Kxd1 Rd8+ 25. Ke2 a6 26. Rd1 Rxd1 27. Kxd1 Bc8 28. Kc2 f5 29. Nd6 Bd7 30. Nb7 Kf7 31. b4 Ke8 32. Kb3 Bf8 33. Bd4 Bc8 34. Na5 Kd7 35. Ka4 Kc7 36. Be5+ Bd6 37. f4 Bxe5 38. fxe5 Bd7 39. Kb3 g5 40. Kc3 c5 41. bxc5 Bc6 42. Nb3 Bg2 43. a3 Kc6 44. Nd4+ Kd7 45. Kd2 Bb7 46. Ke3 Bg2 47. h4 h6 48. hxg5 hxg5 49. Nc2 Kc6 50. Nd4+ Kd7 51. Nb3 Kc6 52. a4 Kd7 53. a5 Kc6 54. Nd4+ Kd7 55. c6+ Bxc6 56. Nb3 1-0

[Event "Rilton Cup 24th"]
[Site "Stockholm"]
[Date "1994.??.??"]
[Round "7"]
[White "Andersson, Mats"]
[Black "Pedersen, Bjarne"]
[Result "1-0"]
[WhiteElo "2350"]
[BlackElo "2225"]
[PlyCount "99"]
[EventDate "1994.12.??"]
[EventType "swiss"]
[EventRounds "9"]
[EventCountry "SWE"]
[SourceTitle "EXT 2000"]
[Source "ChessBase"]
[SourceDate "1999.11.16"]
[SourceVersion "1"]
[SourceVersionDate "1999.11.16"]
[SourceQuality "1"]

1. d4 Nf6 2. c4 e6 3. Nf3 b6 4. Nc3 Bb4 5. Bg5 Bb7 6. e3 0-0 7. Bd3 Bxc3+ 8. bxc3 d6 9. 0-0 Re8 10. Nd2 Nbd7 11. f4 c5 12. e4 h6 13. Bh4 Qc7 14. Qe2 Nh7 15. Rf2 f5 16. exf5 exf5 17. Qh5 Nhf6 18. Bxf6 Nxf6 19. Qxf5 Re6 20. Re2 Rae8 21. Rae1 Rxe2 22. Rxe2 Rxe2 23. Bxe2 Qe7 24. Qd3 d5 25. dxc5 Qxc5+ 26. Qd4 Ba6 27. Kf2 Qe7 28. Bf3 dxc4 29. Nxc4 Qc5 30. Qxc5 bxc5 31. Ne5 Bb5 32. g4 Nd7 33. Bd5+ Kf8 34. Nxd7+ Bxd7 35. h3 Ke7 36. Kg3 Kf6 37. h4 Ba4 38. Be4 Bd1 39. Bd3 Ke6 40. Bc4+ Kf6 41. g5+ hxg5 42. hxg5+ Kf5 43. Bd3+ Ke6 44. f5+ Kd5 45. Kf4 Bh5 46. g6 c4 47. Be4+ Kd6 48. f6 gxf6 49. g7 Bf7 50. Bh7 1-0

[Event "Politiken Cup 16th"]
[Site "Copenhagen"]
[Date "1994.??.??"]
[Round "10"]
[White "Jensen, Henrik W"]
[Black "Pedersen, Bjarne"]
[Result "0-1"]
[WhiteElo "2070"]
[BlackElo "2250"]
[PlyCount "88"]
[EventDate "1994.06.??"]
[EventType "swiss"]
[EventRounds "10"]
[EventCountry "DEN"]
[SourceTitle "EXT 1999"]
[Source "ChessBase"]
[SourceDate "1998.11.16"]
[SourceVersion "1"]
[SourceVersionDate "1998.11.16"]
[SourceQuality "1"]

1. e4 c5 2. Nf3 e6 3. d4 cxd4 4. Nxd4 Nf6 5. Nc3 Bb4 6. Bd3 e5 7. Nde2 d5 8. exd5 Nxd5 9. 0-0 Nxc3 10. Nxc3 Bxc3 11. bxc3 0-0 12. Ba3 Re8 13. Qh5 g6 14. Qf3 Qc7 15. Rab1 Nc6 16. h4 f5 17. h5 e4 18. Bc4+ Be6 19. Bxe6+ Rxe6 20. Qh3 Na5 21. hxg6 hxg6 22. Rfd1 Rd8 23. Rxd8+ Qxd8 24. Bc5 b6 25. Bd4 Nc6 26. Qh8+ Kf7 27. Qg7+ Ke8 28. Rd1 Rd6 29. Qg8+ Ke7 30. Qxd8+ Nxd8 31. Kf1 Nc6 32. Ke2 Ke6 33. g3 Rd5 34. Ke3 Ra5 35. Ra1 Ra3 36. Bh8 Nb4 37. Kd2 Nd5 38. Bd4 g5 39. Bh8 f4 40. gxf4 gxf4 41. Bd4 Kf5 42. Kc1 Nxc3 43. Kb2 Nb5 44. c4 Nxd4 0-1

[Event "DEN-chT 9394"]
[Site "Denmark"]
[Date "1994.??.??"]
[Round "6"]
[White "Pedersen, Bjarne"]
[Black "Andersen, Jan Ivan"]
[Result "0-1"]
[WhiteElo "2230"]
[BlackElo "2215"]
[PlyCount "88"]
[EventDate "1993.11.??"]
[EventType "team-tourn"]
[EventRounds "7"]
[EventCountry "DEN"]
[SourceTitle "EXT 2000"]
[Source "ChessBase"]
[SourceDate "1999.11.16"]
[SourceVersion "1"]
[SourceVersionDate "1999.11.16"]
[SourceQuality "1"]

1. d4 Nf6 2. c4 e6 3. Nc3 d5 4. cxd5 exd5 5. Bg5 Be7 6. Qc2 0-0 7. e3 Re8 8. Bd3 Nbd7 9. Nge2 Nf8 10. 0-0 c6 11. a3 h6 12. Bh4 Ne4 13. Bxe7 Qxe7 14. b4 a6 15. Rab1 b5 16. Nc1 Nd6 17. Nb3 Nd7 18. Rfe1 Nf6 19. Nc5 h5 20. f3 Be6 21. Rbd1 a5 22. e4 dxe4 23. fxe4 axb4 24. axb4 Nc4 25. d5 Bg4 26. Rc1 cxd5 27. Nxb5 Na3 28. Nxa3 Rxa3 29. h3 Be6 30. e5 Nd7 31. Bb5 Nxc5 32. bxc5 Rb8 33. Be2 Qg5 34. Rb1 Rc8 35. Qc1 Qg3 36. Bxh5 Bxh3 37. Qd2 Bf5 38. Rb7 g6 39. Bd1 Rxc5 40. Rf1 Qxe5 41. Qb4 Qe3+ 42. Kh1 Rac3 43. Qh4 Rc8 44. Re1 R3c4 0-1

[Event "Politiken Cup 16th"]
[Site "Copenhagen"]
[Date "1994.??.??"]
[Round "2"]
[White "Pedersen, Bjarne"]
[Black "Andersen, Martin"]
[Result "1/2-1/2"]
[WhiteElo "2250"]
[BlackElo "2030"]
[PlyCount "47"]
[EventDate "1994.06.??"]
[EventType "swiss"]
[EventRounds "10"]
[EventCountry "DEN"]
[SourceTitle "EXT 1999"]
[Source "ChessBase"]
[SourceDate "1998.11.16"]
[SourceVersion "1"]
[SourceVersionDate "1998.11.16"]
[SourceQuality "1"]

1. d4 f5 2. c4 e6 3. Nc3 Nf6 4. Bg5 h6 5. Bxf6 Qxf6 6. e3 Bb4 7. Qd2 b6 8. a3 Bxc3 9. Qxc3 Bb7 10. Nf3 d6 11. Be2 Nd7 12. 0-0 0-0 13. b4 Kh8 14. Rac1 e5 15. dxe5 Nxe5 16. Nxe5 dxe5 17. c5 Bd5 18. Rfd1 Rad8 19. Bc4 Qe6 20. Bxd5 Rxd5 21. Rxd5 Qxd5 22. cxb6 cxb6 23. g3 f4 24. exf4 1/2-1/2